000 00559nam a2200205Ia 4500
003 GCL
008 140319s9999 xx 000 0 eng d
040 _aGCL /
_cGCL
082 0 4 _aCH
_b631.546
_bW I
100 1 _aWALTON, SALLY
245 1 0 _aI CAN GROW THINGS: HOW TO GROW ACTIVITY PROJECTS FOR THE VERY YOUNG /
_cWALTON, SALLY
700 1 _aDONALDSON, STEPHANIE
260 _a[S.N] :
_bLORENZ BOOKS ،
_c1993
300 _a41 P
650 0 4 _aGROWTH
650 0 4 _aCHILDREN
650 0 4 _aGROWTH PLANTS
650 0 4 _aCHILDREN - BOOKS
942 _2ddc
_cBK
999 _c17105
_d17105